Keyboard Symbols - Statistics

General Stats
  • This quiz has been taken 344 times
  • The average score is 17 of 27
Answer Stats
Hint Answer % Correct
Dollar Sign $
80%
Equal Sign =
77%
Underscore _
77%
Plus Sign +
76%
Question Mark ?
74%
Exclamation Point !
74%
Percentage %
72%
Comma ,
71%
Hyphen/Minus Sign -
71%
Less-than Sign <
71%
Period .
70%
Number / Hash #
70%
Semicolon ;
69%
Asterisk *
69%
Greater-than Sign >
69%
Parentheses ( )
66%
At Sign @
65%
Quotation Marks "
65%
Backslash \
60%
Apostrophe '
58%
Vertical Bar |
58%
Slash /
57%
Ampersand &
57%
Brackets {} or []
53%
Tilde ~
46%
Caret ^
43%
Backtick `
23%
No matching quizzes found
Score Distribution
Percent of People with Each Score
Percentile by Number Answered
Your Score History
You have not taken this quiz